00885nam a2200193 a 450000100100000000500170001000800410002704000250006808200150009310000270010824501140013526000350024930000210028449000500030559000760035583000570043195201860048899900170067400003469520200930073839.0111019s19uu sp 000 0 spa d aDO-SdBNPbspacBNPHU axxxbP437c1 aPereyra, Carlos96013413aLa constitución de los Estados Unidos :bcomo instrumento de dominación plutocrática /cCarlos Pereyra. aMadrid :bAmérica,c[19--?]. a333 p. ;c19 cm.1 aBiblioteca de ciencias políticas y sociales aPerteneció a la biblioteca personal de Juan Isidro Jimenes Grullón. 0aBiblioteca de ciencias políticas y sociales960135 001050718MOaGRbGRcCTd2011-10-19iLF1l0oxxx P437cp34695-10r2020-06-25w2020-06-25y1zPerteneció a la biblioteca personal de Juan Isidro Jimenes- GrullónZNo se presta c34186d34186